000
00386nam a2200133Ia 4500
008
100328s9999 xx 000 0 und d
082
_b
56080
100
_a
आचार्य नयना
245
_a
भूल भुलैय्या.
260
_b
गीता
630
_a
भूल भुलैय्या.
730
_a
भूल भुलैय्या.
942
_c
BOOK
999
_c
542667
_d
542664